000 00559nam a22001817a 4500
999 _c184385
_d184385
005 20220119143303.0
010 _aENG-131246
020 _a978-93-5322-607-7
_c365.00
035 _aEN-114778
037 _bDBAD
082 _a540
100 _aOjha, K G
245 _aIIT-JEE Chemistry:
_cK G Ojha, Sunita
_bJee main and ADvanced Chapter-wise Solved Papers 2005-2020/
260 _aNew Delhi
_bPrabhat Paperbacks
_c2019
270 _bNew Delhi
_a4/19, Asaf Ali, Road
_e110002
300 _a388p.
_c27cm(pbk)
942 _2ddc
_cEN
_h540
_mOJH